| 000 | 00377nam a22001337a 4500 | ||
|---|---|---|---|
| 020 | _a0028024249 | ||
| 050 |
_aRT84 _b.E27 1998 |
||
| 100 | _aEastmond June | ||
| 245 |
_aNursing assistant fundamentals _ba patient-centered approach |
||
| 260 |
_aNew York _b Glencoe/McGraw-Hill, _c ©1998. |
||
| 300 | _axx, 684 p. : ill. (some col.) ; 28 cm. | ||
| 650 | _v Book | ||
| 942 | _cGEN | ||
| 999 |
_c1530 _d1530 |
||